000 00443nam a22001457a 4500
999 _c29048
_d29048
008 170927b xxu||||| |||| 00| 0 eng d
020 _a9789966349828
050 _aE302.5 .A96 2017
100 _aAwori Moody
245 _aRiding of a Tiger /
_cMoody Awori
260 _aNAIROBI;
_bMoran (E.A),
_c2017.
300 _axv,443p. :
_bill.:col.:sub-col.:
650 _aAutobiography
942 _2lcc
_cAFRICANA
_hE302.5 .A96 2017
_017